01063nam a2200133 a 4500082001200000100002200012245004200034260004300076300000900119490003700128520066500165650003200830856006700862 a547 BRO1 aBrown, William H.13aAn introduction to organic chemistry  aNew YorkbHarcourt College Pub,c1996. a615p1 aSaunders golden sunburst series. aThis book enables readers to see the connections in organic chemistry and understand the logic. Reaction mechanisms are grouped together to reflect logical relationships. Discusses organic chemistry as it is applied to real-world compounds and problems. Electrostatic potential plots are added throughout the text to enhance the recognition and importance of molecular polarity. Presents problems in a new “Looking-Ahead” section at the end of each chapter that show how concepts constantly build upon each other. Converts many of the structural formulas to a line-angle format in order to make structural formulas both easier to recognize and easier to dr achemistry,organic chemistry uhttp://www.amazon.com/exec/obidos/ASIN/0030169143/chopaconline